Random European Subdivision to Country - Statistics

General Stats
  • This quiz has been taken 52 times
  • The average score is 11 of 20
Answer Stats
Subdivision Country % Correct
Dibër Albania
100%
Styria Austria
100%
Minsk Belarus
100%
Federation of Bosnia and Herzegovina Bosnia and Herzegovina
100%
Gabrovo Bulgaria
100%
Targovishte Bulgaria
100%
Dubrovnik-Neretva Croatia
100%
Virovitica-Podravina Croatia
100%
Vukovar-Srijem Croatia
100%
Moravian-Silesian Czech Republic
100%
Olomouc Czech Republic
100%
Plzeň Czech Republic
100%
Prague Czech Republic
100%
Tartu Estonia
100%
Åland Islands Finland
100%
Kymenlaakso Finland
100%
Pirkanmaa Finland
100%
Centre-Val de Loire France
100%
Grand Est France
100%
Normandy France
100%
Nouvelle-Aquitaine France
100%
Provence-Alpes-Côte d'Azur France
100%
Baden-Württemberg Germany
100%
Hesse Germany
100%
Schleswig-Holstein Germany
100%
Crete Greece
100%
South Aegean Greece
100%
Thessaly Greece
100%
Western Macedonia Greece
100%
Bács-Kiskun Hungary
100%
Győr-Moson-Sopron Hungary
100%
Jász-Nagykun-Szolnok Hungary
100%
Árborg Iceland
100%
Borgarfjarðarhreppur Iceland
100%
Dalvíkurbyggð Iceland
100%
Eyja- og Miklaholtshreppur Iceland
100%
Fljótsdalshreppur Iceland
100%
Grímsnes- og Grafningshreppur Iceland
100%
Húnavatnshreppur Iceland
100%
Norðurþing Iceland
100%
Reykjavík Iceland
100%
Seyðisfjörður Iceland
100%
Skeiða- og Gnúpverjahreppur Iceland
100%
Skútustaðahreppur Iceland
100%
Strandabyggð Iceland
100%
Dún Laoghaire–Rathdown Ireland
100%
Kerry Ireland
100%
Leitrim Ireland
100%
Longford Ireland
100%
Sligo Ireland
100%
Aosta Valley Italy
100%
Lazio Italy
100%
Lombardy Italy
100%
Sardinia Italy
100%
Tuscany Italy
100%
Gjakova Kosovo
100%
Pristina Kosovo
100%
Alsunga Latvia
100%
Baltinava Latvia
100%
Balvi Latvia
100%
Dagda Latvia
100%
Daugavpils Latvia
100%
Inčukalns Latvia
100%
Krimulda Latvia
100%
Krustpils Latvia
100%
Krāslava Latvia
100%
Nīca Latvia
100%
Pāvilosta Latvia
100%
Roja Latvia
100%
Rugāji Latvia
100%
Vaiņode Latvia
100%
Viesīte Latvia
100%
Schaan Liechtenstein
100%
Klaipėda Lithuania
100%
Luxembourg Luxembourg
100%
Chișinău Moldova
100%
Edineț Moldova
100%
Florești Moldova
100%
Ocnița Moldova
100%
Orhei Moldova
100%
Rîșcani Moldova
100%
Monte-Carlo Monaco
100%
Mojkovac Montenegro
100%
Tivat Montenegro
100%
Flevoland Netherlands
100%
Groningen Netherlands
100%
North Holland Netherlands
100%
South Holland Netherlands
100%
Zeeland Netherlands
100%
Svalbard Norway
100%
Troms og Finnmark Norway
100%
Warmian-Masurian Poland
100%
West Pomeranian Poland
100%
Évora Portugal
100%
Lisbon Portugal
100%
Setúbal Portugal
100%
Brăila Romania
100%
Constanța Romania
100%
Ialomița Romania
100%
Maramureș Romania
100%
Suceava Romania
100%
Vrancea Romania
100%
Arkhangelsk Russia
100%
Belgorod Russia
100%
Dagestan Russia
100%
Karachay-Cherkessia Russia
100%
Karelia Russia
100%
Kursk Russia
100%
Leningrad Russia
100%
Nenets Russia
100%
Pskov Russia
100%
City of San Marino San Marino
100%
Belgrade Serbia
100%
Nišava Serbia
100%
South Banat Serbia
100%
Prešov Slovakia
100%
Brda Slovenia
100%
Dobrna Slovenia
100%
Gorišnica Slovenia
100%
Gornji Grad Slovenia
100%
Gornji Petrovci Slovenia
100%
Hrpelje-Kozina Slovenia
100%
Jezersko Slovenia
100%
Kobarid Slovenia
100%
Kostel Slovenia
100%
Ljubljana Slovenia
100%
Lovrenc na Pohorju Slovenia
100%
Markovci Slovenia
100%
Metlika Slovenia
100%
Mokronog-Trebelno Slovenia
100%
Murska Sobota Slovenia
100%
Podčetrtek Slovenia
100%
Prebold Slovenia
100%
Preddvor Slovenia
100%
Rečica ob Savinji Slovenia
100%
Rogaška Slatina Slovenia
100%
Ruše Slovenia
100%
Šempeter-Vrtojba Slovenia
100%
Škocjan Slovenia
100%
Škofja Loka Slovenia
100%
Slovenske Konjice Slovenia
100%
Šmarje pri Jelšah Slovenia
100%
Solčava Slovenia
100%
Šoštanj Slovenia
100%
Vransko Slovenia
100%
Žirovnica Slovenia
100%
Catalonia Spain
100%
Gotland Sweden
100%
Jönköping Sweden
100%
Kronoberg Sweden
100%
Stockholm Sweden
100%
Södermanland Sweden
100%
Västerbotten Sweden
100%
Västmanland Sweden
100%
Geneva Switzerland
100%
Neuchâtel Switzerland
100%
Schwyz Switzerland
100%
Zürich Switzerland
100%
Dnipropetrovsk Ukraine
100%
Kherson Ukraine
100%
Lviv Ukraine
100%
Mykolaiv Ukraine
100%
Gibraltar United Kingdom
100%
Isle of Man United Kingdom
100%
Corsica France
75%
Pays de la Loire France
67%
Murmansk Russia
67%
Nidwalden Switzerland
67%
Vienna Austria
50%
Mogilev Belarus
50%
Lääne-Viru Estonia
50%
Central Ostrobothnia Finland
50%
Nógrád Hungary
50%
Grýtubakkahreppur Iceland
50%
Vestmannaeyjar Iceland
50%
Clare Ireland
50%
Friuli-Venezia Giulia Italy
50%
Jaunpiebalga Latvia
50%
Līgatne Latvia
50%
Skrunda Latvia
50%
Viļāni Latvia
50%
Grevenmacher Luxembourg
50%
Limburg Netherlands
50%
Kumanovo North Macedonia
50%
Vestland Norway
50%
Castelo Branco Portugal
50%
Botoșani Romania
50%
Tulcea Romania
50%
Pomoravlje Serbia
50%
Benedikt Slovenia
50%
Bohinj Slovenia
50%
Juršinci Slovenia
50%
Kranjska Gora Slovenia
50%
Moravče Slovenia
50%
Pivka Slovenia
50%
Semič Slovenia
50%
Community of Madrid Spain
50%
Ticino Switzerland
50%
Valais Switzerland
50%
Zakarpattia Ukraine
50%
Jaunjelgava Latvia
33%
Berat Albania
0%
Durrës Albania
0%
Elbasan Albania
0%
Fier Albania
0%
Gjirokastër Albania
0%
Korçë Albania
0%
Kukës Albania
0%
Lezhë Albania
0%
Shkodër Albania
0%
Tiranë Albania
0%
Vlorë Albania
0%
Andorra la Vella Andorra
0%
Canillo Andorra
0%
Encamp Andorra
0%
Escaldes-Engordany Andorra
0%
La Massana Andorra
0%
Ordino Andorra
0%
Sant Julià de Lòria Andorra
0%
Burgenland Austria
0%
Carinthia Austria
0%
Lower Austria Austria
0%
Salzburg Austria
0%
Tyrol Austria
0%
Upper Austria Austria
0%
Vorarlberg Austria
0%
Brest Belarus
0%
Gomel Belarus
0%
Grodno Belarus
0%
Minsk Belarus
0%
Vitebsk Belarus
0%
Brussels-Capital Region Belgium
0%
Flanders Belgium
0%
Wallonia Belgium
0%
Brčko Bosnia and Herzegovina
0%
Republika Srpska Bosnia and Herzegovina
0%
Blagoevgrad Bulgaria
0%
Burgas Bulgaria
0%
Dobrich Bulgaria
0%
Haskovo Bulgaria
0%
Kardzhali Bulgaria
0%
Kyustendil Bulgaria
0%
Lovech Bulgaria
0%
Montana Bulgaria
0%
Pazardzhik Bulgaria
0%
Pernik Bulgaria
0%
Pleven Bulgaria
0%
Plovdiv Bulgaria
0%
Razgrad Bulgaria
0%
Ruse Bulgaria
0%
Shumen Bulgaria
0%
Silistra Bulgaria
0%
Sliven Bulgaria
0%
Smolyan Bulgaria
0%
Sofia Bulgaria
0%
Sofia City Bulgaria
0%
Stara Zagora Bulgaria
0%
Varna Bulgaria
0%
Veliko Tarnovo Bulgaria
0%
Vidin Bulgaria
0%
Vratsa Bulgaria
0%
Yambol Bulgaria
0%
Bjelovar-Bilogora Croatia
0%
Brod-Posavina Croatia
0%
Istria Croatia
0%
Karlovac Croatia
0%
Koprivnica-Križevci Croatia
0%
Krapina-Zagorje Croatia
0%
Lika-Senj Croatia
0%
Međimurje Croatia
0%
Osijek-Baranja Croatia
0%
Požega-Slavonia Croatia
0%
Primorje-Gorski Kotar Croatia
0%
Šibenik-Knin Croatia
0%
Sisak-Moslavina Croatia
0%
Split-Dalmatia Croatia
0%
Varaždin Croatia
0%
Zadar Croatia
0%
Zagreb Croatia
0%
Central Bohemian Czech Republic
0%
Hradec Králové Czech Republic
0%
Karlovy Vary Czech Republic
0%
Liberec Czech Republic
0%
Pardubice Czech Republic
0%
South Bohemian Czech Republic
0%
South Moravian Czech Republic
0%
Ústí nad Labem Czech Republic
0%
Vysočina Czech Republic
0%
Zlín Czech Republic
0%
Faroe Islands Denmark
0%
Hovedstaden Denmark
0%
Midtjylland Denmark
0%
Nordjylland Denmark
0%
Sjælland Denmark
0%
Syddanmark Denmark
0%
Harju Estonia
0%
Hiiu Estonia
0%
Ida-Viru Estonia
0%
Järva Estonia
0%
Jõgeva Estonia
0%
Lääne Estonia
0%
Pärnu Estonia
0%
Põlva Estonia
0%
Rapla Estonia
0%
Saare Estonia
0%
Valga Estonia
0%
Viljandi Estonia
0%
Võru Estonia
0%
Central Finland Finland
0%
Kainuu Finland
0%
Lapland Finland
0%
North Karelia Finland
0%
North Ostrobothnia Finland
0%
Northern Savonia Finland
0%
Ostrobothnia Finland
0%
Päijänne Tavastia Finland
0%
Satakunta Finland
0%
South Karelia Finland
0%
South Ostrobothnia Finland
0%
Southern Savonia Finland
0%
Southwest Finland Finland
0%
Tavastia Proper Finland
0%
Uusimaa Finland
0%
Auvergne-Rhône-Alpes France
0%
Bourgogne-Franche-Comté France
0%
Brittany France
0%
Hauts-de-France France
0%
Île-de-France France
0%
Occitanie France
0%
Bavaria Germany
0%
Berlin Germany
0%
Brandenburg Germany
0%
Bremen Germany
0%
Hamburg Germany
0%
Lower Saxony Germany
0%
Mecklenburg-Vorpommern Germany
0%
North Rhine-Westphalia Germany
0%
Rhineland-Palatinate Germany
0%
Saarland Germany
0%
Saxony Germany
0%
Saxony-Anhalt Germany
0%
Thuringia Germany
0%
Attica Greece
0%
Central Greece Greece
0%
Central Macedonia Greece
0%
Eastern Macedonia and Thrace Greece
0%
Epirus Greece
0%
Ionian Islands Greece
0%
Mount Athos Greece
0%
North Aegean Greece
0%
Peloponnese Greece
0%
Western Greece Greece
0%
Baranya Hungary
0%
Borsod-Abaúj-Zemplén Hungary
0%
Budapest Hungary
0%
Békés Hungary
0%
Csongrád Hungary
0%
Fejér Hungary
0%
Hajdú-Bihar Hungary
0%
Heves Hungary
0%
Komárom-Esztergom Hungary
0%
Pest Hungary
0%
Somogy Hungary
0%
Szabolcs-Szatmár-Bereg Hungary
0%
Tolna Hungary
0%
Vas Hungary
0%
Veszprém Hungary
0%
Zala Hungary
0%
Akrahreppur Iceland
0%
Akranes Iceland
0%
Akureyri Iceland
0%
Árneshreppur Iceland
0%
Ásahreppur Iceland
0%
Bláskógabyggð Iceland
0%
Blönduósbær Iceland
0%
Bolungarvík Iceland
0%
Borgarbyggð Iceland
0%
Dalabyggð Iceland
0%
Djúpavogshreppur Iceland
0%
Eyjafjarðarsveit Iceland
0%
Fjallabyggð Iceland
0%
Fjarðabyggð Iceland
0%
Fljótsdalshérað Iceland
0%
Flóahreppur Iceland
0%
Garðabær Iceland
0%
Grindavíkurbær Iceland
0%
Grundarfjarðarbær Iceland
0%
Hafnarfjörður Iceland
0%
Helgafellssveit Iceland
0%
Hornafjörður Iceland
0%
Hrunamannahreppur Iceland
0%
Hvalfjarðarsveit Iceland
0%
Hveragerði Iceland
0%
Hörgársveit Iceland
0%
Húnaþing vestra Iceland
0%
Ísafjarðarbær Iceland
0%
Kaldrananeshreppur Iceland
0%
Kjósarhreppur Iceland
0%
Kópavogur Iceland
0%
Langanesbyggð Iceland
0%
Mosfellsbær Iceland
0%
Mýrdalshreppur Iceland
0%
Ölfus Iceland
0%
Rangárþing eystra Iceland
0%
Rangárþing ytra Iceland
0%
Reykhólahreppur Iceland
0%
Reykjanesbær Iceland
0%
Seltjarnarnes Iceland
0%
Skaftárhreppur Iceland
0%
Skagabyggð Iceland
0%
Skagafjörður Iceland
0%
Skagaströnd Iceland
0%
Skorradalshreppur Iceland
0%
Snæfellsbær Iceland
0%
Stykkishólmur Iceland
0%
Suðurnesjabær Iceland
0%
Svalbarðshreppur Iceland
0%
Svalbarðsstrandarhreppur Iceland
0%
Súðavíkurhreppur Iceland
0%
Þingeyjarsveit Iceland
0%
Tjörneshreppur Iceland
0%
Tálknafjarðarhreppur Iceland
0%
Vesturbyggð Iceland
0%
Vogar Iceland
0%
Vopnafjarðarhreppur Iceland
0%
Carlow Ireland
0%
Cavan Ireland
0%
Cork Ireland
0%
Donegal Ireland
0%
Dublin Ireland
0%
Fingal Ireland
0%
Galway Ireland
0%
Kildare Ireland
0%
Kilkenny Ireland
0%
Laois Ireland
0%
Limerick Ireland
0%
Louth Ireland
0%
Mayo Ireland
0%
Meath Ireland
0%
Monaghan Ireland
0%
Offaly Ireland
0%
Roscommon Ireland
0%
South Dublin Ireland
0%
Tipperary Ireland
0%
Waterford Ireland
0%
Westmeath Ireland
0%
Wexford Ireland
0%
Wicklow Ireland
0%
Abruzzo Italy
0%
Apulia Italy
0%
Basilicata Italy
0%
Calabria Italy
0%
Campania Italy
0%
Emilia-Romagna Italy
0%
Liguria Italy
0%
Marche Italy
0%
Molise Italy
0%
Piedmont Italy
0%
Sicily Italy
0%
Trentino-South Tyrol Italy
0%
Umbria Italy
0%
Veneto Italy
0%
Ferizaj Kosovo
0%
Gjilan Kosovo
0%
Mitrovica Kosovo
0%
Peja Kosovo
0%
Prizren Kosovo
0%
Ādaži Latvia
0%
Aglona Latvia
0%
Aizkraukle Latvia
0%
Aizpute Latvia
0%
Aknīste Latvia
0%
Aloja Latvia
0%
Alūksne Latvia
0%
Amata Latvia
0%
Ape Latvia
0%
Auce Latvia
0%
Babīte Latvia
0%
Baldone Latvia
0%
Bauska Latvia
0%
Beverīna Latvia
0%
Brocēni Latvia
0%
Burtnieki Latvia
0%
Carnikava Latvia
0%
Cesvaine Latvia
0%
Cibla Latvia
0%
Cēsis Latvia
0%
Daugavpils Latvia
0%
Dobele Latvia
0%
Dundaga Latvia
0%
Durbe Latvia
0%
Engure Latvia
0%
Ērgļi Latvia
0%
Garkalne Latvia
0%
Grobiņa Latvia
0%
Gulbene Latvia
0%
Iecava Latvia
0%
Ikšķile Latvia
0%
Ilūkste Latvia
0%
Jaunpils Latvia
0%
Jelgava Latvia
0%
Jēkabpils Latvia
0%
Jūrmala Latvia
0%
Kandava Latvia
0%
Ķegums Latvia
0%
Ķekava Latvia
0%
Kocēni Latvia
0%
Koknese Latvia
0%
Kuldīga Latvia
0%
Kārsava Latvia
0%
Lielvārde Latvia
0%
Liepāja Latvia
0%
Limbaži Latvia
0%
Lubāna Latvia
0%
Ludza Latvia
0%
Līvāni Latvia
0%
Madona Latvia
0%
Mazsalaca Latvia
0%
Mālpils Latvia
0%
Mārupe Latvia
0%
Mērsrags Latvia
0%
Naukšēni Latvia
0%
Nereta Latvia
0%
Ogre Latvia
0%
Olaine Latvia
0%
Ozolnieki Latvia
0%
Preiļi Latvia
0%
Priekule Latvia
0%
Priekuļi Latvia
0%
Pārgauja Latvia
0%
Pļaviņas Latvia
0%
Rauna Latvia
0%
Riebiņi Latvia
0%
Riga Latvia
0%
Ropaži Latvia
0%
Rucava Latvia
0%
Rundāle Latvia
0%
Rēzekne Latvia
0%
Rēzekne Latvia
0%
Rūjiena Latvia
0%
Sala Latvia
0%
Salacgrīva Latvia
0%
Salaspils Latvia
0%
Saldus Latvia
0%
Saulkrasti Latvia
0%
Sigulda Latvia
0%
Skrīveri Latvia
0%
Smiltene Latvia
0%
Stopiņi Latvia
0%
Strenči Latvia
0%
Sēja Latvia
0%
Talsi Latvia
0%
Tukums Latvia
0%
Tērvete Latvia
0%
Valka Latvia
0%
Valmiera Latvia
0%
Varakļāni Latvia
0%
Vecpiebalga Latvia
0%
Vecumnieki Latvia
0%
Ventspils Latvia
0%
Ventspils Latvia
0%
Viļaka Latvia
0%
Vārkava Latvia
0%
Zilupe Latvia
0%
Balzers Liechtenstein
0%
Eschen Liechtenstein
0%
Gamprin Liechtenstein
0%
Mauren Liechtenstein
0%
Planken Liechtenstein
0%
Ruggell Liechtenstein
0%
Schellenberg Liechtenstein
0%
Triesen Liechtenstein
0%
Triesenberg Liechtenstein
0%
Vaduz Liechtenstein
0%
Alytus Lithuania
0%
Kaunas Lithuania
0%
Marijampolė Lithuania
0%
Panevėžys Lithuania
0%
Šiauliai Lithuania
0%
Tauragė Lithuania
0%
Telšiai Lithuania
0%
Utena Lithuania
0%
Vilnius Lithuania
0%
Capellen Luxembourg
0%
Clervaux Luxembourg
0%
Diekirch Luxembourg
0%
Echternach Luxembourg
0%
Esch-sur-Alzette Luxembourg
0%
Mersch Luxembourg
0%
Redange Luxembourg
0%
Remich Luxembourg
0%
Vianden Luxembourg
0%
Wiltz Luxembourg
0%
Central Malta
0%
Gozo Malta
0%
Northern Malta
0%
South Eastern Malta
0%
Southern Malta
0%
Anenii Noi Moldova
0%
Basarabeasca Moldova
0%
Bender Moldova
0%
Briceni Moldova
0%
Bălți Moldova
0%
Cahul Moldova
0%
Cantemir Moldova
0%
Cimișlia Moldova
0%
Criuleni Moldova
0%
Călărași Moldova
0%
Căușeni Moldova
0%
Dondușeni Moldova
0%
Drochia Moldova
0%
Dubăsari Moldova
0%
Fălești Moldova
0%
Glodeni Moldova
0%
Găgăuzia Moldova
0%
Hîncești Moldova
0%
Ialoveni Moldova
0%
Leova Moldova
0%
Nisporeni Moldova
0%
Rezina Moldova
0%
Șoldănești Moldova
0%
Soroca Moldova
0%
Ștefan Vodă Moldova
0%
Strășeni Moldova
0%
Sîngerei Moldova
0%
Taraclia Moldova
0%
Telenești Moldova
0%
Transnistria Moldova
0%
Ungheni Moldova
0%
Fontvieille Monaco
0%
Jardin Exotique Monaco
0%
La Condamine Monaco
0%
La Rousse Monaco
0%
Larvotto Monaco
0%
Les Moneghetti Monaco
0%
Monaco-Ville Monaco
0%
Ravin de Sainte-Dévote Monaco
0%
Andrijevica Montenegro
0%
Bar Montenegro
0%
Berane Montenegro
0%
Bijelo Polje Montenegro
0%
Budva Montenegro
0%
Cetinje Montenegro
0%
Danilovgrad Montenegro
0%
Gusinje Montenegro
0%
Herceg Novi Montenegro
0%
Kolašin Montenegro
0%
Kotor Montenegro
0%
Nikšić Montenegro
0%
Petnjica Montenegro
0%
Plav Montenegro
0%
Pljevlja Montenegro
0%
Plužine Montenegro
0%
Podgorica Montenegro
0%
Rožaje Montenegro
0%
Šavnik Montenegro
0%
Tuzi Montenegro
0%
Ulcinj Montenegro
0%
Žabljak Montenegro
0%
Drenthe Netherlands
0%
Friesland Netherlands
0%
Gelderland Netherlands
0%
North Brabant Netherlands
0%
Overijssel Netherlands
0%
Utrecht Netherlands
0%
Aerodrom North Macedonia
0%
Aračinovo North Macedonia
0%
Berovo North Macedonia
0%
Bitola North Macedonia
0%
Bogdanci North Macedonia
0%
Bogovinje North Macedonia
0%
Bosilovo North Macedonia
0%
Brvenica North Macedonia
0%
Butel North Macedonia
0%
Čair North Macedonia
0%
Čaška North Macedonia
0%
Centar North Macedonia
0%
Centar Župa North Macedonia
0%
Češinovo-Obleševo North Macedonia
0%
Čučer-Sandevo North Macedonia
0%
Debar North Macedonia
0%
Debarca North Macedonia
0%
Delčevo North Macedonia
0%
Demir Hisar North Macedonia
0%
Demir Kapija North Macedonia
0%
Dojran North Macedonia
0%
Dolneni North Macedonia
0%
Gazi Baba North Macedonia
0%
Gevgelija North Macedonia
0%
Gjorče Petrov North Macedonia
0%
Gostivar North Macedonia
0%
Gradsko North Macedonia
0%
Ilinden North Macedonia
0%
Jegunovce North Macedonia
0%
Karbinci North Macedonia
0%
Karpoš North Macedonia
0%
Kavadarci North Macedonia
0%
Kisela Voda North Macedonia
0%
Kičevo North Macedonia
0%
Konče North Macedonia
0%
Kočani North Macedonia
0%
Kratovo North Macedonia
0%
Kriva Palanka North Macedonia
0%
Krivogaštani North Macedonia
0%
Kruševo North Macedonia
0%
Lipkovo North Macedonia
0%
Lozovo North Macedonia
0%
Makedonska Kamenica North Macedonia
0%
Makedonski Brod North Macedonia
0%
Mavrovo and Rostuša North Macedonia
0%
Mogila North Macedonia
0%
Negotino North Macedonia
0%
Novaci North Macedonia
0%
Novo Selo North Macedonia
0%
Ohrid North Macedonia
0%
Pehčevo North Macedonia
0%
Petrovec North Macedonia
0%
Plasnica North Macedonia
0%
Prilep North Macedonia
0%
Probištip North Macedonia
0%
Radoviš North Macedonia
0%
Rankovce North Macedonia
0%
Resen North Macedonia
0%
Rosoman North Macedonia
0%
Saraj North Macedonia
0%
Sopište North Macedonia
0%
Staro Nagoričane North Macedonia
0%
Štip North Macedonia
0%
Struga North Macedonia
0%
Strumica North Macedonia
0%
Studeničani North Macedonia
0%
Šuto Orizari North Macedonia
0%
Sveti Nikole North Macedonia
0%
Tearce North Macedonia
0%
Tetovo North Macedonia
0%
Valandovo North Macedonia
0%
Vasilevo North Macedonia
0%
Veles North Macedonia
0%
Vevčani North Macedonia
0%
Vinica North Macedonia
0%
Vrapčište North Macedonia
0%
Zelenikovo North Macedonia
0%
Želino North Macedonia
0%
Zrnovci North Macedonia
0%
Agder Norway
0%
Innlandet Norway
0%
Møre og Romsdal Norway
0%
Nordland Norway
0%
Oslo Norway
0%
Rogaland Norway
0%
Trøndelag Norway
0%
Vestfold og Telemark Norway
0%
Viken Norway
0%
Greater Poland Poland
0%
Holy Cross Poland
0%
Kuyavian-Pomeranian Poland
0%
Lesser Poland Poland
0%
Lower Silesian Poland
0%
Lublin Poland
0%
Lubusz Poland
0%
Łódź Poland
0%
Masovian Poland
0%
Opole Poland
0%
Podlaskie Poland
0%
Pomeranian Poland
0%
Silesian Poland
0%
Subcarpathian Poland
0%
Aveiro Portugal
0%
Azores Portugal
0%
Beja Portugal
0%
Braga Portugal
0%
Bragança Portugal
0%
Coimbra Portugal
0%
Faro Portugal
0%
Guarda Portugal
0%
Leiria Portugal
0%
Portalegre Portugal
0%
Porto Portugal
0%
Santarém Portugal
0%
Viana do Castelo Portugal
0%
Vila Real Portugal
0%
Viseu Portugal
0%
Alba Romania
0%
Arad Romania
0%
Argeș Romania
0%
Bacău Romania
0%
Bihor Romania
0%
Bistrița-Năsăud Romania
0%
Brașov Romania
0%
Bucharest Romania
0%
Buzău Romania
0%
Caraș-Severin Romania
0%
Cluj Romania
0%
Covasna Romania
0%
Călărași Romania
0%
Dolj Romania
0%
Dâmbovița Romania
0%
Galați Romania
0%
Giurgiu Romania
0%
Gorj Romania
0%
Harghita Romania
0%
Hunedoara Romania
0%
Iași Romania
0%
Ilfov Romania
0%
Mehedinți Romania
0%
Mureș Romania
0%
Neamț Romania
0%
Olt Romania
0%
Prahova Romania
0%
Satu Mare Romania
0%
Sibiu Romania
0%
Sălaj Romania
0%
Teleorman Romania
0%
Timiș Romania
0%
Vaslui Romania
0%
Vâlcea Romania
0%
Adygea Russia
0%
Astrakhan Russia
0%
Bashkortostan Russia
0%
Bryansk Russia
0%
Chechnya Russia
0%
Chuvashia Russia
0%
Ingushetia Russia
0%
Ivanovo Russia
0%
Kabardino-Balkar Russia
0%
Kaliningrad Russia
0%
Kalmykia Russia
0%
Kaluga Russia
0%
Kirov Russia
0%
Komi Russia
0%
Kostroma Russia
0%
Krasnodar Russia
0%
Lipetsk Russia
0%
Mari El Russia
0%
Mordovia Russia
0%
Moscow Russia
0%
Nizhny Novgorod Russia
0%
North Ossetia-Alania Russia
0%
Novgorod Russia
0%
Orenburg Russia
0%
Oryol Russia
0%
Penza Russia
0%
Perm Russia
0%
Rostov Russia
0%
Ryazan Russia
0%
Saint Petersburg Russia
0%
Samara Russia
0%
Saratov Russia
0%
Smolensk Russia
0%
Stavropol Russia
0%
Tambov Russia
0%
Tatarstan Russia
0%
Tula Russia
0%
Tver Russia
0%
Udmurtia Russia
0%
Ulyanovsk Russia
0%
Vladimir Russia
0%
Volgograd Russia
0%
Vologda Russia
0%
Voronezh Russia
0%
Yaroslavl Russia
0%
Acquaviva San Marino
0%
Borgo Maggiore San Marino
0%
Chiesanuova San Marino
0%
Domagnano San Marino
0%
Faetano San Marino
0%
Fiorentino San Marino
0%
Montegiardino San Marino
0%
Serravalle San Marino
0%
Bor Serbia
0%
Braničevo Serbia
0%
Central Banat Serbia
0%
Jablanica Serbia
0%
Kolubara Serbia
0%
Mačva Serbia
0%
Moravica Serbia
0%
North Banat Serbia
0%
North Bačka Serbia
0%
Pirot Serbia
0%
Podunavlje Serbia
0%
Pčinja Serbia
0%
Rasina Serbia
0%
Raška Serbia
0%
South Bačka Serbia
0%
Srem Serbia
0%
Šumadija Serbia
0%
Toplica Serbia
0%
West Bačka Serbia
0%
Zaječar Serbia
0%
Zlatibor Serbia
0%
Banská Bystrica Slovakia
0%
Bratislava Slovakia
0%
Košice Slovakia
0%
Nitra Slovakia
0%
Trenčín Slovakia
0%
Trnava Slovakia
0%
Žilina Slovakia
0%
Ajdovščina Slovenia
0%
Ankaran Slovenia
0%
Apače Slovenia
0%
Beltinci Slovenia
0%
Bistrica ob Sotli Slovenia
0%
Bled Slovenia
0%
Bloke Slovenia
0%
Borovnica Slovenia
0%
Bovec Slovenia
0%
Braslovče Slovenia
0%
Brezovica Slovenia
0%
Brežice Slovenia
0%
Cankova Slovenia
0%
Celje Slovenia
0%
Cerklje na Gorenjskem Slovenia
0%
Cerknica Slovenia
0%
Cerkno Slovenia
0%
Cerkvenjak Slovenia
0%
Cirkulane Slovenia
0%
Črenšovci Slovenia
0%
Črna na Koroškem Slovenia
0%
Črnomelj Slovenia
0%
Destrnik Slovenia
0%
Divača Slovenia
0%
Dobje Slovenia
0%
Dobrepolje Slovenia
0%
Dobrova–Polhov Gradec Slovenia
0%
Dobrovnik Slovenia
0%
Dol pri Ljubljani Slovenia
0%
Dolenjske Toplice Slovenia
0%
Domžale Slovenia
0%
Dornava Slovenia
0%
Dravograd Slovenia
0%
Duplek Slovenia
0%
Gorenja Vas–Poljane Slovenia
0%
Gorje Slovenia
0%
Gornja Radgona Slovenia
0%
Grad Slovenia
0%
Grosuplje Slovenia
0%
Hajdina Slovenia
0%
Hodoš Slovenia
0%
Horjul Slovenia
0%
Hoče–Slivnica Slovenia
0%
Hrastnik Slovenia
0%
Idrija Slovenia
0%
Ig Slovenia
0%
Ilirska Bistrica Slovenia
0%
Ivančna Gorica Slovenia
0%
Izola Slovenia
0%
Jesenice Slovenia
0%
Kamnik Slovenia
0%
Kanal Slovenia
0%
Kidričevo Slovenia
0%
Kobilje Slovenia
0%
Komen Slovenia
0%
Komenda Slovenia
0%
Koper Slovenia
0%
Kostanjevica na Krki Slovenia
0%
Kozje Slovenia
0%
Kočevje Slovenia
0%
Kranj Slovenia
0%
Križevci Slovenia
0%
Krško Slovenia
0%
Kungota Slovenia
0%
Kuzma Slovenia
0%
Laško Slovenia
0%
Lenart Slovenia
0%
Lendava Slovenia
0%
Litija Slovenia
0%
Ljubno Slovenia
0%
Ljutomer Slovenia
0%
Log-Dragomer Slovenia
0%
Logatec Slovenia
0%
Loška Dolina Slovenia
0%
Loški Potok Slovenia
0%
Lukovica Slovenia
0%
Luče Slovenia
0%
Majšperk Slovenia
0%
Makole Slovenia
0%
Maribor Slovenia
0%
Medvode Slovenia
0%
Mengeš Slovenia
0%
Mežica Slovenia
0%
Miklavž na Dravskem Polju Slovenia
0%
Miren-Kostanjevica Slovenia
0%
Mirna Slovenia
0%
Mirna Peč Slovenia
0%
Mislinja Slovenia
0%
Moravske Toplice Slovenia
0%
Mozirje Slovenia
0%
Muta Slovenia
0%
Naklo Slovenia
0%
Nazarje Slovenia
0%
Nova Gorica Slovenia
0%
Novo Mesto Slovenia
0%
Odranci Slovenia
0%
Oplotnica Slovenia
0%
Ormož Slovenia
0%
Osilnica Slovenia
0%
Pesnica Slovenia
0%
Piran Slovenia
0%
Podlehnik Slovenia
0%
Podvelka Slovenia
0%
Poljčane Slovenia
0%
Polzela Slovenia
0%
Postojna Slovenia
0%
Prevalje Slovenia
0%
Ptuj Slovenia
0%
Puconci Slovenia
0%
Radenci Slovenia
0%
Radeče Slovenia
0%
Radlje ob Dravi Slovenia
0%
Radovljica Slovenia
0%
Ravne na Koroškem Slovenia
0%
Razkrižje Slovenia
0%
Rače–Fram Slovenia
0%
Renče–Vogrsko Slovenia
0%
Ribnica Slovenia
0%
Ribnica na Pohorju Slovenia
0%
Rogatec Slovenia
0%
Rogašovci Slovenia
0%
Šalovci Slovenia
0%
Selnica ob Dravi Slovenia
0%
Šentilj Slovenia
0%
Šentjernej Slovenia
0%
Šentjur Slovenia
0%
Šentrupert Slovenia
0%
Šenčur Slovenia
0%
Sevnica Slovenia
0%
Sežana Slovenia
0%
Škofljica Slovenia
0%
Slovenj Gradec Slovenia
0%
Slovenska Bistrica Slovenia
0%
Šmarješke Toplice Slovenia
0%
Šmartno ob Paki Slovenia
0%
Šmartno pri Litiji Slovenia
0%
Sodražica Slovenia
0%
Središče ob Dravi Slovenia
0%
Starše Slovenia
0%
Štore Slovenia
0%
Straža Slovenia
0%
Sveta Ana Slovenia
0%
Sveta Trojica v Slovenskih Goricah Slovenia
0%
Sveti Andraž v Slovenskih Goricah Slovenia
0%
Sveti Jurij ob Ščavnici Slovenia
0%
Sveti Jurij v Slovenskih Goricah Slovenia
0%
Sveti Tomaž Slovenia
0%
Tabor Slovenia
0%
Tišina Slovenia
0%
Tolmin Slovenia
0%
Trbovlje Slovenia
0%
Trebnje Slovenia
0%
Trnovska Vas Slovenia
0%
Trzin Slovenia
0%
Tržič Slovenia
0%
Turnišče Slovenia
0%
Velenje Slovenia
0%
Velika Polana Slovenia
0%
Velike Lašče Slovenia
0%
Veržej Slovenia
0%
Videm Slovenia
0%
Vipava Slovenia
0%
Vitanje Slovenia
0%
Vodice Slovenia
0%
Vojnik Slovenia
0%
Vrhnika Slovenia
0%
Vuzenica Slovenia
0%
Zagorje ob Savi Slovenia
0%
Žalec Slovenia
0%
Zavrč Slovenia
0%
Železniki Slovenia
0%
Žetale Slovenia
0%
Žiri Slovenia
0%
Zreče Slovenia
0%
Žužemberk Slovenia
0%
Andalusia Spain
0%
Aragon Spain
0%
Balearic Islands Spain
0%
Basque Autonomous Community Spain
0%
Cantabria Spain
0%
Castile and León Spain
0%
Castilla-La Mancha Spain
0%
Chartered Community of Navarre Spain
0%
Extremadura Spain
0%
Galicia Spain
0%
La Rioja Spain
0%
Principality of Asturias Spain
0%
Region of Murcia Spain
0%
Valencian Community Spain
0%
Blekinge Sweden
0%
Dalarna Sweden
0%
Gävleborg Sweden
0%
Halland Sweden
0%
Jämtland Sweden
0%
Kalmar Sweden
0%
Norrbotten Sweden
0%
Örebro Sweden
0%
Östergötland Sweden
0%
Skåne Sweden
0%
Uppsala Sweden
0%
Värmland Sweden
0%
Västernorrland Sweden
0%
Västra Götaland Sweden
0%
Aargau Switzerland
0%
Appenzell Ausserrhoden Switzerland
0%
Appenzell Innerrhoden Switzerland
0%
Basel-Landschaft Switzerland
0%
Basel-Stadt Switzerland
0%
Bern Switzerland
0%
Fribourg Switzerland
0%
Glarus Switzerland
0%
Grisons Switzerland
0%
Jura Switzerland
0%
Luzern Switzerland
0%
Obwalden Switzerland
0%
Schaffhausen Switzerland
0%
Solothurn Switzerland
0%
St. Gallen Switzerland
0%
Thurgau Switzerland
0%
Uri Switzerland
0%
Vaud Switzerland
0%
Zug Switzerland
0%
Cherkasy Ukraine
0%
Chernihiv Ukraine
0%
Chernivtsi Ukraine
0%
Donetsk Ukraine
0%
Ivano-Frankivsk Ukraine
0%
Kharkiv Ukraine
0%
Khmelnytskyi Ukraine
0%
Kiev Ukraine
0%
Kirovohrad Ukraine
0%
Luhansk Ukraine
0%
Odessa Ukraine
0%
Poltava Ukraine
0%
Rivne Ukraine
0%
Sumy Ukraine
0%
Ternopil Ukraine
0%
Vinnytsia Ukraine
0%
Volyn Ukraine
0%
Zaporizhia Ukraine
0%
Zhytomyr Ukraine
0%
Crimea Ukraine / Russia
0%
Sevastopol Ukraine / Russia
0%
England United Kingdom
0%
Guernsey United Kingdom
0%
Jersey United Kingdom
0%
Northern Ireland United Kingdom
0%
Scotland United Kingdom
0%
Wales United Kingdom
0%
Vatican City Vatican City
0%
No matching quizzes found
Score Distribution
Percent of People with Each Score
Percentile by Number Answered
Your Score History
You have not taken this quiz